Abel Sánchez: una historia de pasión
Guardado en:
| Hovedforfatter: | |
|---|---|
| Format: | Bog |
| Sprog: | Undetermined |
| Udgivet: |
Madrid, España
Espasa-Calpe
1967
|
| Udgivelse: | 10 |
| Fag: | |
| Tags: |
Tilføj Tag
Ingen Tags, Vær først til at tagge denne postø!
|
MARC
| LEADER | 00000nam a2200000Ia 4500 | ||
|---|---|---|---|
| 008 | 170316s9999 xx 000 0 und d | ||
| 040 | |a cru BVZT | ||
| 090 | |a 862 U-2ab | ||
| 100 | |a Unamuno, Miguel de |9 959 | ||
| 245 | |a Abel Sánchez: una historia de pasión |c / Miguel de Unamuno | ||
| 250 | |a 10 | ||
| 260 | |a Madrid, España |b Espasa-Calpe |c 1967 | ||
| 300 | |a 152 páginas | ||
| 650 | |a LITERATURA ESPAÑOLA |9 23 | ||
| 650 | |a NOVELA |9 13 | ||
| 999 | |c 9351 |d 9351 | ||
| 942 | |c 15 D |h 862 U-2ab |2 z | ||
